[Event "Patras op"]
[Site "Patras"]
[Date "2002.08.05"]
[Round "6.31"]
[White "Pavlatos, Gerasimos"]
[Black "Anagnostopoulos, Ioannis"]
[Result "0-1"]
[WhiteElo "1370"]
[BlackElo "1715"]
[PlyCount "101"]
[EventDate "2002.08.??"]
[EventType "swiss"]
[EventRounds "9"]
[EventCountry "GRE"]
[SourceTitle "CBM 089 Extra"]
[Source "ChessBase"]
[SourceDate "2002.09.10"]
[SourceVersion "2"]
[SourceVersionDate "2002.09.10"]
[SourceQuality "1"]

1. e4 c5 2. Nf3 d6 3. d4 cxd4 4. Nxd4 Nf6 5. Nc3 Nc6 6. Be3 g6 7. f3 Bg7 8. Qd2 0-0 9. 0-0-0 Bd7 10. Bc4 Rc8 11. Bb3 Ne5 12. Kb1 Nc4 13. Bxc4 Rxc4 14. Bh6 Qb6 15. Nb3 a5 16. Bxg7 Kxg7 17. Nd5 Nxd5 18. Qxd5 Rfc8 19. Rd2 a4 20. Na1 Be6 21. Qd3 Kg8 22. Qa3 Qb5 23. Rhd1 Rc3 24. b3 axb3 25. cxb3 Qe5 26. h3 f5 27. Qb4 fxe4 28. fxe4 R8c7 29. Rc2 Rxc2 30. Nxc2 Qc5 31. Qxc5 Rxc5 32. Nd4 Bf7 33. Nf3 Kg7 34. Rc1 Rxc1+ 35. Kxc1 Kf6 36. Kd2 g5 37. Kc3 Be6 38. g4 h5 39. gxh5 Bxh3 40. h6 g4 41. Nh4 e6 42. a4 Bf1 43. a5 g3 44. b4 g2 45. Nxg2 Bxg2 46. b5 Bxe4 47. a6 bxa6 48. bxa6 Kg6 49. Kd4 Bd5 50. a7 Kxh6 51. Ke3 0-1